| 000 | 01079nam a2200277Ia 4500 | ||
|---|---|---|---|
| 001 | Para_3032 | ||
| 003 | CHAP | ||
| 008 | 220125s1985 xx 000 0 und d | ||
| 010 | _a201505 | ||
| 040 | _cCHAP | ||
| 090 | _aPA TESIS 266 | ||
| 100 |
_aRíos Vargas, Gilberto _999251 |
||
| 245 |
_aEtiología y resistencia varietal del sorgo (Sorghum bicolor Moench) a la pudrición del tallo y raíz / _c Gilberto Ríos Vargas |
||
| 260 |
_aChapingo, Méx. : _b El autor |
||
| 300 | _a69 p. | ||
| 502 | _aTesis (Ing. Agr. Esp. en Parasitología Agrícola) -- UACh. Departamento de Parasitología Agrícola | ||
| 650 |
_aSorgo _x Enfermedades Sorgo _x Variedades resistentes a enfermedades Fusarium moniliforme Macrophomina phaseoli Pudrición de la raíz _x Sorgo Pudrición del tallo del sorgo _9166432 |
||
| 710 |
_aUACh. Departamento de Parasitología Agrícola _9115877 |
||
| 901 | _aPA TESIS 266 | ||
| 902 | _aA | ||
| 905 | _a0000001985 CHAa 0000000000 00 | ||
| 910 | _a1985 | ||
| 942 | _cPARA | ||
| 942 |
_cPARA _d1 |
||
| 999 |
_c201505 _d201505 |
||